000 00296nam a22001337a 4500
008 180905b xxu||||| |||| 00| 0 eng d
020 _a9780321663016
041 _aeng
080 _24 ED
_a541
100 _a12
101 _aKIM
245 _aIntroductory Chemistry
_cSilve.r
942 _2udc
_cBK
999 _c47543
_d47543